MARC

LEADER 00000nam0a2200000 4500
001 56923
005 20231031053913.0
035 |a (RuTPU)RU\TPU\book\59784 
090 |a 56923 
100 |a 20031015d1971 k y0rusy50 ca 
101 0 |a rus 
102 |a UA 
105 |a a z 001zy 
200 1 |a Прочность неметаллических материалов при неравномерном нагреве  |f Г. В. Исаханов  |g Академия наук Украинской ССР; Институт проблем прочности 
210 |a Киев  |c Наукова думка  |d 1971 
215 |a 178 с.  |c ил. 
320 |a Библиогр.: с. 173-176. 
610 1 |a неметаллические материалы 
610 1 |a прочность 
610 1 |a нагрев 
610 1 |a несущая способность 
610 1 |a механические свойства 
610 1 |a стеклопластики 
610 1 |a огнеупорные материалы 
610 1 |a термостойкость 
675 |a 620.22:620.1  |v 3 
700 1 |a Исаханов  |b Г. В.  |g Георгий Вахтангович 
712 0 2 |a Академия наук Украинской ССР (АН УССР)  |b Институт проблем прочности (ИПП)  |2 stltpush  |3 (RuTPU)RU\TPU\col\12440 
801 1 |a RU  |b 63413507  |c 20031015  |g PSBO 
801 2 |a RU  |b 63413507  |c 20140707  |g PSBO 
942 |c BK